岩手県の難読地名 30コ - Statistics

General Stats
  • This quiz has been taken 31 times
  • The average score is 4 of 30
Answer Stats
漢字 回答 % Correct
厨川(盛岡市) くりやがわ
73%
磯鶏(宮古市) そけい
57%
小鳥谷(一戸町) こずや
47%
門崎(一関市) かんざき
33%
重茂(宮古市) おもえ
30%
宿戸(洋野町) しゅくのへ
30%
拾戸(遠野市) じゅうのへ
17%
畦畑(奥州市) うねはた
17%
内匠田(奥州市) たくみだ
13%
祭畤(一関市) まつるべ
10%
人首(奥州市) ひとくび
10%
雪洞(一関市) ぼんぼり
7%
叺田(八幡平市) かますだ
3%
西風(奥州市) ならい
3%
雷田(盛岡市) いかだ
0%
牛尾草久保(盛岡市) そでくぼ
0%
級沢(盛岡市) まださわ
0%
上鼻(宮古市) かんぱな
0%
安居台(遠野市) あおだい
0%
赤荻(一関市) あこおぎ
0%
桜街(一関市) さくらこうじ
0%
塒(一関市) とや
0%
衣関(奥州市) きぬとめ
0%
竃(奥州市) へっつい
0%
簾森(奥州市) みすもり
0%
麁津田(雫石町) そつだ
0%
野向(岩泉町) やんごう
0%
九石(金ヶ崎町) さざらいし
0%
狄塚(軽米町) えづか
0%
悪津(九戸村) あぐそ
0%
No matching quizzes found
Score Distribution
Percent of People with Each Score
Percentile by Number Answered
Your Score History
You have not taken this quiz